000 00466nam a2200169 i 4500
001 81652
003 ES-MaACL
005 20230906174500.0
007 t|
008 041105s1933 gw ||||1| eng d
100 1 _aHuxley, Aldous,
_d1894-1963
_964858
245 1 0 _aUncle Spencer and other stories /
_cby Aldous Huxley.
260 _aHamburg :
_bThe Albatros,
_c1933.
300 _a274 p. ;
_c18 cm.
852 _aES-MaACL
_jA-2136
999 _c81652
_d81652